000 01514cam a2200193 4500
001 L131075
008 050926n2005 000 0 eng u
035 _a(Sirsi) u131075
041 0 _aeng
110 1 _aUnited Kingdom
_bOffice of the Deputy Prime Minister
245 _aGuide to improving the evidence base supporting regional economic and spatial strategies
_h[electronic resource]
260 _aLondon
_bODPM
_c2005
520 _aThis ODPM guidance document aims to improve the use of economic evidence by Regional Planning Bodies (RPBs) and Regional Development Agencies (RDAs) in the preparation of Regional Spatial Strategies (RSSs) and the spatial components of regional economic strategies (RESs). It advises on how RPBs and RDAs can strengthen the evidence base to enable them to develop and justify more robust and regionally distinctive policies and strategies for regional development. It reflects the importance government attaches to the need for plans and policies to be properly based on analysis and evidence. It supports the policies in PPS11 and other statements of government planning policy and is supplementary to the RDA guidance on regional strategies.
590 _aIKA270905
650 _aPLANNING POLICY STATEMENT 11
690 _aENVIRONMENTAL AND LAND CONSULTANCY-PLANNING AND DEVELOPMENT-STRATEGIC PLANNING
856 4 0 _uhttps://www.communities.gov.uk/documents/planningandbuilding/pdf/325633.pdf
_zView the guidance note free of charge at www.communities.gov.uk
942 _n0
999 _c104628
_d104628